000
00318 a2200145 4500
001
157515
040
_c
Escola São Tomás de Aquino
100
_a
Allen, Judy
240
1
0
_a
El gato dormilón
_l
spa
245
1
0
_a
El gato dormilón
300
_a
32
362
0
_a
2008
697
_a
*LITERATURA INFANTIL
942
_c
BK
999
_c
157515
_d
157515